| 000 | 00966nam a22002537i 4500 | ||
|---|---|---|---|
| 999 |
_c22941 _d22941 |
||
| 003 | AR-CdUCM | ||
| 008 | 240606b20092009 pe||||| |||| 00| 0 spa d | ||
| 040 |
_aMUNICIPALIDAD PROVINCIAL DEL CUSCO _cBIBLIOTECA MUNICIPAL DEL CUSCO |
||
| 041 | _hspa | ||
| 082 |
_aEP / 801 / E93 _bE93 |
||
| 100 |
_aEstrada Pérez, Nohemí. _929947 |
||
| 245 |
_aSembrando poesía : _bPoesía para niños y niñas / |
||
| 260 |
_aLima : _bMinisterio de Educación, _bPrograma Educación Básica para Todos, _c2009 |
||
| 300 |
_a74 páginas. : _bIlustraciones en color. _c21 cm. |
||
| 505 | _aAmarillo girasol -- La tejedora -- Periquito periquín -- Viento juguetón -- Los animales de mi casa | ||
| 650 |
_aChocolate _950204 |
||
| 650 |
_aMi primer ponchito _950205 |
||
| 650 |
_aLa nube vieja _950206 |
||
| 650 |
_aConversando _950207 |
||
| 650 |
_aGuia para los maestros _950208 |
||
| 700 |
_aPaz, Andrea [ilustradora] _950066 |
||
| 942 |
_2ddc _cLIBROS |
||
| 945 |
_apbj _d2024-06-06 |
||